=LDR 00000nam 2200000 4500 =001 NUTBA000000000005545 =005 20141103103218.0 =006 =007 =008 =020 ##$$a 978-602-9048-45-2 =035 ##$$a 0010-111400000000024 =040 ##$$a NBPDMAT =082 ##$$a 959.8 =090 ##$$a 959.8 $b Mut p =100 ##$$a Mutiara Larusatya =245 ##$$a Perbedaan sebagai kekayaan bangsa / $c Mutiara Larusatya =260 ##$$a Jakarta : $b BSO Mipa , $c 2010 =300 ##$$a iv, 53 hlm. : $b ilus. ; $c 24 cm. =500 ##$$a Bibliografi : hlm. 53 =650 ##$$a Kebudayaan Indonesia =700 ##$$a Eko Praptanto =850 ##$$a Vinda Swathipadma